Three plays : (Record no. 182806)

MARC details
000 -LEADER
fixed length control field 00606 a2200193 4500
005 - DATE AND TIME OF LATEST TRANSACTION
control field 20211206165632.0
010 ## - LCCN (DPL NO)
LC control number ENG-130212
020 ## - INTERNATIONAL STANDARD BOOK NUMBER
Terms of availability 125.00
International Standard Book Number 978-93-90866-54-0
035 ## - SYSTEM CONTROL NUMBER
System control number EN-113744
037 ## - SOURCE OF ACQUISITION
Source of stock number/acquisition DBAD / PUB
082 ## - DEWEY DECIMAL CLASSIFICATION NUMBER
Classification number 822.3
100 ## - MAIN ENTRY--PERSONAL NAME
Personal name Prapanjan
245 ## - TITLE STATEMENT
Title Three plays :
Statement of responsibility, etc Prapanjan, Translated by P. Raja
250 ## - EDITION STATEMENT
Edition statement 2021
260 ## - PUBLICATION, DISTRIBUTION, ETC. (IMPRINT)
Place of publication, distribution, etc New Delhi
Name of publisher, distributor, etc Sahitya Akademi
Date of publication, distribution, etc 2021
270 ## - ADDRESS
Address Rabindra Bhavan, 35, Ferozeshah Road
City New Delhi
Postal code 110001
Telephone number 011-23386626
Electronic mail address secretary@sahitya-akademi.gov.in
300 ## - PHYSICAL DESCRIPTION
Extent 69p.
Dimensions 21cm (pbk)
942 ## - ADDED ENTRY ELEMENTS (KOHA)
Institution code [OBSOLETE] dpl
Item type English Books
Source of classification or shelving scheme Dewey Decimal Classification
Classification part 822.3
Call number suffix PRA
Holdings
Withdrawn status Lost status Not for loan Collection code Home library Current library Date acquired Source of acquisition Cost, normal purchase price Full call number Barcode Copy number Cost, replacement price Koha item type
      Non-fiction Shahdara Branch Shahdara Branch 06/12/2021 DBAD/PUB 125.00 822.3 PRA EN-113744 1 125.00 English Books

© Delhi Public Library
Hit Counter
free hit counter